Η νεολιθική περίοδος στα Δωδεκάνησα

Αποθηκεύτηκε σε:
Λεπτομέρειες βιβλιογραφικής εγγραφής
Κύριος συγγραφέας: Σάμψων, Αδαμάντιος Α., 1944-
Συγγραφή απο Οργανισμό/Αρχή: Υπουργείο Πολιτισμού
Μορφή: Βιβλίο
Γλώσσα:Greek
Δημοσίευση: Αθήνα : Ταμείο Αρχαιολογικών Πόρων και Απαλλοτριώσεων, 2003.
Έκδοση:2η έκδ.
Σειρά:Δημοσιεύματα του αρχαιολογικού δελτίου ; v.35
Θέματα:
Ετικέτες: Προσθήκη ετικέτας
Δεν υπάρχουν, Καταχωρήστε ετικέτα πρώτοι!

MARC

LEADER 00000cam a2200000 i 4500
001 1/66070
008 071205s2003 gr | ||| |||| ||gre||
020 |a 9602142170 
022 |a 11081244 
035 |l 10092821 
040 |a GR-MyUa  |b gre  |e AACR2 
041 0 |a gre  |b eng 
082 7 |a 938.27   |2 (22) 
100 1 |a Σάμψων, Αδαμάντιος Α.,   |d 1944- 
245 1 2 |a Η νεολιθική περίοδος στα Δωδεκάνησα /   |c Αδαμάντιος Σάμψων ; Υπουργείο Πολιτισμού.  
250 |a 2η έκδ.  
260 |a Αθήνα :   |b Ταμείο Αρχαιολογικών Πόρων και Απαλλοτριώσεων,   |c 2003.  
300 |a [426] σ. :   |b φωτ., εικ., χάρτες, σχ. ;   |c 28 εκ. +   |e 1 αναδιπλ. χάρτης.  
490 1 |a (Δημοσιεύματα του αρχαιολογικού δελτίου ;   |v vol.35)  
504 |a Βιβλιογραφία: σ. 15-17. Περιλαμβάνει ευρετήριο.  
650 0 |a Excavations (Archaeology)  |z Greece  |z Dodecanese Islands. 
650 0 |a Neolithic period  |z Greece  |z Dodecanese Islands. 
651 0 |a Dodecanese Islands (Greece)  |x Antiquities. 
710 2 |a Υπουργείο Πολιτισμού. 
830 0 |a Δημοσιεύματα του αρχαιολογικού δελτίου ;  |v v.35  
852 |a INST  |b RHODES  |e 20071205  |h 938.27 ΣΑΜ  |p 005400025084  |q 005400025084  |t BK  |y 0 
901 |a BIBL4-2007-3 
970 |a ΧΑΡΙΟΠΟΛΙΤΟΥ  |b ΚΩΝΣΤΑΝΤΙΝΑ  |z 2007/12/05